Vplyv open space na motiváciu a výkonnosť zamestnancov

Motivácia zamestnancov a motivačné faktory, motivačné nástroje. Pracovné prostredie a jeho vplyv na zamestnancov. Vplyv pracovného prostredia vo veľkoplošných kanceláriách (open space) na motiváciu a výkonnosť zamestnancov - výsledky výskumu.

Enregistré dans:
Détails bibliographiques
Auteur principal: Černá, Simona
Autres auteurs: Divincová, Alexandra
Format: Chapitre de livre
Langue:slovaque
Sujets:
Tags: Ajouter un tag
Pas de tags, Soyez le premier à ajouter un tag!

MARC

LEADER 00000naa$a2200000$$$4500
001 0174234
005 20240522091810.7
041 0 |a slo 
044 |a SK 
245 1 0 |a Vplyv open space na motiváciu a výkonnosť zamestnancov  |c Simona Černá, Alexandra Divincová 
520 |a Motivácia zamestnancov a motivačné faktory, motivačné nástroje. Pracovné prostredie a jeho vplyv na zamestnancov. Vplyv pracovného prostredia vo veľkoplošných kanceláriách (open space) na motiváciu a výkonnosť zamestnancov - výsledky výskumu. 
610 2 0 |a motivácia 
610 2 0 |a motivácia pracovná 
610 2 0 |a kancelárie veľkopriestorové 
100 1 |a Černá, Simona 
700 1 |a Divincová, Alexandra